An introduction to categorical data analysis
An Introduction to Categorical Data Analysis, Second Edition is an invaluable tool for social, behavioral, and biomedical scientists, as well as researchers in public health, marketing, education, biological and agricultural sciences, and industrial quality control.
Salvato in:
| Autore principale: | |
|---|---|
| Natura: | Libro |
| Lingua: | Undetermined |
| Pubblicazione: |
Hoboken, NJ
Wiley-Interscience
2007
|
| Soggetti: | |
| Tags: |
Aggiungi Tag
Nessun Tag, puoi essere il primo ad aggiungerne! !
|
| Thư viện lưu trữ: | Trung tâm Học liệu Trường Đại học Cần Thơ |
|---|
| LEADER | 00837nam a2200205Ia 4500 | ||
|---|---|---|---|
| 001 | CTU_153101 | ||
| 008 | 210402s9999 xx 000 0 und d | ||
| 020 | |c 64.96 | ||
| 082 | |a 519.535 | ||
| 082 | |b A277 | ||
| 100 | |a Agresti, Alan | ||
| 245 | 3 | |a An introduction to categorical data analysis | |
| 245 | 0 | |c Alan Agresti | |
| 260 | |a Hoboken, NJ | ||
| 260 | |b Wiley-Interscience | ||
| 260 | |c 2007 | ||
| 520 | |a An Introduction to Categorical Data Analysis, Second Edition is an invaluable tool for social, behavioral, and biomedical scientists, as well as researchers in public health, marketing, education, biological and agricultural sciences, and industrial quality control. | ||
| 650 | |a Multivariate analysis,Phân tích đa biến | ||
| 904 | |i Trọng Hiếu | ||
| 980 | |a Trung tâm Học liệu Trường Đại học Cần Thơ | ||